00517nam a2200145Ia 4500008004100000245011200041260002600153260000900179300000800188650002600196650001200222856004500234999001900279952007300298170516s9999 xx 000 0 und d aClinical results of renal artery embolization to control postoperative hemorrhage after partial nephrectomy bActa Radiologica Open c2016 a5:8 xRadiologic Technology xRadtech uhttp://journals.sagepub.com/toc/arrb/5/8 c332238d332238 001040aCLbCLd2017-05-16l0r2017-05-16 00:00:00w2017-05-16yFOJ